000 00513nam a2200181Ia 4500
008 131103s9999 xx 000 0 und d
040 _aLoreto College
041 _aEnglish
082 _a840.9/REA
_bLCLIB/14575
100 _aReaux. Gedeon Tallemant Des
245 _aPortraits and Anecdotes
_cGedeon Tallemant Des Reaux
260 _aLondon
_bOxford University Press
_c1965
300 _a191p
_c 18cm
504 _aIncludes notes
650 _aFrench literature
850 _aLCLIB/840.9/REA
942 _cBK
999 _c24396
_d74875